<?xml version="1.0" encoding="UTF-8"?><?xml-stylesheet type="text/xsl" href="static/style.xsl"?><OAI-PMH xmlns="http://www.openarchives.org/OAI/2.0/" xmlns:xsi="http://www.w3.org/2001/XMLSchema-instance" xsi:schemaLocation="http://www.openarchives.org/OAI/2.0/ http://www.openarchives.org/OAI/2.0/OAI-PMH.xsd"><responseDate>2026-04-18T04:49:52Z</responseDate><request verb="GetRecord" identifier="oai:riubu.ubu.es:10259/6653" metadataPrefix="marc">https://riubu.ubu.es/oai/request</request><GetRecord><record><header><identifier>oai:riubu.ubu.es:10259/6653</identifier><datestamp>2022-05-20T13:22:08Z</datestamp><setSpec>com_10259_2699</setSpec><setSpec>col_10259_2703</setSpec></header><metadata><record xmlns="http://www.loc.gov/MARC21/slim" xmlns:doc="http://www.lyncode.com/xoai" xmlns:xsi="http://www.w3.org/2001/XMLSchema-instance" xmlns:dcterms="http://purl.org/dc/terms/" xsi:schemaLocation="http://www.loc.gov/MARC21/slim http://www.loc.gov/standards/marcxml/schema/MARC21slim.xsd">
<leader>00925njm 22002777a 4500</leader>
<datafield tag="042" ind1=" " ind2=" ">
<subfield code="a">dc</subfield>
</datafield>
<datafield tag="720" ind1=" " ind2=" ">
<subfield code="a">Wolf, Janet</subfield>
<subfield code="e">author</subfield>
</datafield>
<datafield tag="260" ind1=" " ind2=" ">
<subfield code="c">2020</subfield>
</datafield>
<datafield tag="520" ind1=" " ind2=" ">
<subfield code="a">Esta tesis examina la colaboración entre las las organizaciones no gubernamentales sin ánimo de lucro centradas en los alumnos con una lengua materna diferente y los centros escolares de tres zonas geográficas europeas: República Checa, Italia y España.  Responde a tres preguntas de investigación: (1) ¿Qué servicios ofrecen las organizaciones sin ánimo de lucro a los profesores? (2) ¿Cómo ven las organizaciones no lucrativas la cooperación actual? (3) ¿Conocen los profesores la existencia de organizaciones sin ánimo de lucro en este ámbito y están interesados en dicha cooperación?&#xd;
Se emplea un enfoque de métodos mixtos, aplicando un cuestionario a 34 organizaciones sin ánimo de lucro (9 checas, 19 españolas, 6 italianas) y entrevistando en profundiad a 15 profesores de lost res países. Los resultados revelan el amplio potencial de las organizaciones sin ánimo de lucro como socios en la educación, abarcando importantes temas de la educación intercultural y estrategias que podrían potenciar dicha asociación.</subfield>
</datafield>
<datafield tag="520" ind1=" " ind2=" ">
<subfield code="a">This thesis examines the collaboration between non-governmental non-profit organisations focusing on pupils with a different mother tongue and schools in three European geographical areas: the Czech Republic, Italy and Spain.  It answers three research questions: (1) What services do non-profit organisations offer to teachers? (2) How do non-profit organisations view current cooperation? (3) Are teachers aware of the existence of non-profit organisations in this field and are they interested in such cooperation? A mixed methods approach is used, applying a questionnaire to 34 non-profit organisations (9 Czech, 19 Spanish, 6 Italian) and in-depth interviews with 15 teachers from three countries. The results reveal the broad potential of non-profit organisations as partners in education, covering important issues in intercultural education and strategies that could enhance such partnership.</subfield>
</datafield>
<datafield tag="024" ind2=" " ind1="8">
<subfield code="a">http://hdl.handle.net/10259/6653</subfield>
</datafield>
<datafield tag="024" ind2=" " ind1="8">
<subfield code="a">10.36443/10259/6653</subfield>
</datafield>
<datafield ind1=" " ind2=" " tag="653">
<subfield code="a">Inclusión</subfield>
</datafield>
<datafield ind1=" " ind2=" " tag="653">
<subfield code="a">Educación intercultural</subfield>
</datafield>
<datafield ind1=" " ind2=" " tag="653">
<subfield code="a">Estudiantes L2</subfield>
</datafield>
<datafield ind1=" " ind2=" " tag="653">
<subfield code="a">Organizaciones sin ánimo de lucro</subfield>
</datafield>
<datafield ind1=" " ind2=" " tag="653">
<subfield code="a">Europa</subfield>
</datafield>
<datafield ind1=" " ind2=" " tag="653">
<subfield code="a">Inclusion</subfield>
</datafield>
<datafield ind1=" " ind2=" " tag="653">
<subfield code="a">Intercultural education</subfield>
</datafield>
<datafield ind1=" " ind2=" " tag="653">
<subfield code="a">L2 students</subfield>
</datafield>
<datafield ind1=" " ind2=" " tag="653">
<subfield code="a">Non-profit sector</subfield>
</datafield>
<datafield ind1=" " ind2=" " tag="653">
<subfield code="a">Europe</subfield>
</datafield>
<datafield tag="245" ind1="0" ind2="0">
<subfield code="a">Teacher Training in Linguistic Diversity within Inclusive Education: Cooperation between Non-governmental Non-profit Organizations and Educational Institutions. Situation in Three European Countries</subfield>
</datafield>
</record></metadata></record></GetRecord></OAI-PMH>